|
|
|
|
| LEADER |
00000nam a2200000 a 4500 |
| 001 |
vtls008323475 |
| 003 |
SK-MaSNL |
| 005 |
20260302074321.0 |
| 008 |
230403s1961 xo slo |
| 015 |
|
|
|a SNBA1961/08-01672
|
| 035 |
|
|
|a SK01SNK19610015692
|
| 035 |
|
|
|a urn:nbn:sk:snk-amlq6a
|
| 035 |
|
|
|a urn:nbn:sk:snk-am00c2q8
|
| 035 |
|
|
|a 92E6C798-9021-43B8-9B83-1EFD0871D9B1
|
| 035 |
|
|
|a SKM000018155
|
| 040 |
|
|
|a SNK
|b slo
|c SNK
|e AACR2
|
| 041 |
1 |
|
|a slo
|h hun
|
| 044 |
|
|
|a xo
|c SK
|
| 080 |
|
|
|a 894.511-3(087.5)
|2 1981
|
| 100 |
1 |
|
|a Balázs, Béla
|4 aut
|9 421330
|
| 245 |
1 |
0 |
|a Karolkové dobrodružstvá
|b Béla Balász : z maď orig. ... prel. Erna Druzgalová
|
| 260 |
|
|
|a [Bratislava]
|b Smena
|c 1961
|e Ružomberok
|f Tlačiarne SNP
|
| 300 |
|
|
|a 128, [6] s.
|c 8°
|
| 490 |
1 |
|
|a Pionierskymi stupňami
|
| 500 |
|
|
|a Vysvetl.
|
| 521 |
|
|
|a Pre čitateľov nad 11 rokov. (Pre tretí pioniersky stupeň.)
|
| 563 |
|
|
|a 6000 výtl.
|
| 650 |
0 |
7 |
|a maďarské romány
|2 SNK
|9 282203
|
| 655 |
|
7 |
|a umelecká literatúra
|2 SNKPH
|9 60405
|
| 700 |
1 |
|
|a Druzgalová, Erna
|4 trl
|9 428137
|
| 830 |
|
0 |
|a Pionierskymi stupňami
|9 307166
|
| 852 |
|
|
|a Slovenská národná knižnica
|
| 919 |
|
|
|a viaz.
|
| 954 |
|
|
|a beletria cudzojazyčná (svetová)
|2 lita
|
| 958 |
|
|
|a OND
|
| 958 |
|
|
|a TL
|
| 958 |
|
|
|a UP
|
| 958 |
|
|
|a HU
|
| 958 |
|
|
|a LX
|
| 958 |
|
|
|a RK
|
| 958 |
|
|
|a EUIPO
|
| 999 |
|
|
|c 1164564
|d 1166494
|
| 952 |
|
|
|a SNK
|b SNK
|y PREZ
|7 0
|p 17A0708595
|o snkSD 20526
|i snkKSP 4376/61
|0 0
|1 0
|4 0
|d 2011-08-05
|f 1
|l 0
|r 2025-12-04 00:00:00
|w 2026-02-24
|